00851nam a22002177a 450000500170000001000150001702000260003203500140005803700090007208200190008110000330010024501250013325000060025826000310026427000570029530000270035270000410037994200330042099900190045395201610047220260519111013.0 aENG-148523 a9789364442077c995.00 aEN-132055 bDBAD 24a338.5024658 aChristopher R. Thomas989141 aManagerial Economics: cChristopher R. Thomas [and] Aishwarya HarichandanbFoundations of Business Analysis and Strategy a4 aChennaibMcGraw Hillc2026 a5/90 A, Butt Road, St. Thomas MountbChennaie600016 a669p.c24cm(pb)bIndex aAishwarya HarichandaneAuthor989142 2ddccENh338.5024658mTHOe4 c216261d216261 001040708NFICaTNbTNd2026-05-19eDelivery of Books Act Divisiong995.00l0o338.5024658 THOpEN-132055r2026-05-19 11:10:45t 1v995.00w2026-05-19yEN